2022 FIFA World Cup Group B - Wales - Iran - Statistics

General Stats
  • This quiz has been taken 51 times
  • The average score is 16 of 33
Answer Stats
Player % Correct
Gareth Bale
97%
Aaron Ramsey
87%
Mehdi Taremi
84%
Kieffer Moore
79%
Ben Davies
76%
Wayne Hennessey
76%
Daniel James
71%
Danny Ward
66%
Neco Williams
66%
Sardar Azmoun
66%
Connor Roberts
61%
Harry Wilson
61%
Joe Rodon
55%
Chris Mepham
53%
Ethan Ampadu
53%
Joe Allen
50%
Alireza Jahanbakhsh
45%
Rob Page
42%
Brennan Johnson
39%
Majid Hosseini
32%
Majid Hosseini
32%
Ali Karimi
29%
Carlos Queiroz
29%
Milad Mohammadi
29%
Ehsan Hajsafi
26%
Rouzbeh Cheshmi ¹
26%
Ahmad Nourollahi
24%
Morteza Pouraliganji
24%
Ramin Rezaeian ¹
24%
Ali Gholizadeh
21%
Karim Ansarifard
18%
Mehdi Torabi
18%
Saeid Ezatolahi
18%
No matching quizzes found
Score Distribution
Percent of People with Each Score
Percentile by Number Answered
Your Score History
You have not taken this quiz